[Event "Sautron op 16th"]
[Site "Sautron"]
[Date "2016.10.22"]
[Round "3.4"]
[White "Delorme, Alban"]
[Black "Ider, Borya"]
[Result "0-1"]
[WhiteElo "2316"]
[BlackElo "2463"]
[Annotator "RR"]
[PlyCount "88"]
[EventDate "2016.10.22"]
[EventType "swiss"]
[EventRounds "9"]
[EventCountry "FRA"]
[SourceTitle "EXT 2019"]
[Source "ChessBase"]
[SourceDate "2018.10.10"]
[SourceVersion "1"]
[SourceVersionDate "2018.10.10"]
[SourceQuality "1"]
[TimeControl "40/5400+30:1800+30"]
[WhiteClock "1:00:09"]
[BlackClock "1:28:14"]

1. d4 {[%emt 0:00:08]} e6 {[%emt 0:00:00]} 2. Nf3 {[%emt 0:00:32]} d5 {[%emt 0:
00:20]} 3. e3 {[%emt 0:01:41]} Nf6 {[%emt 0:00:25]} 4. Be2 {[%emt 0:00:57]} Bd6
{[%emt 0:00:26]} (4... c5 5. O-O Nc6) 5. O-O {[%emt 0:00:44]} Nbd7 {[%emt 0:00:
23]} 6. b3 {[%emt 0:01:14]} Qe7 $5 {[%emt 0:04:06]} (6... O-O) 7. Bb2 {[%emt 0:
01:24]} Ne4 {[%emt 0:01:36] Une nouveauté dans cet ordre de coups mais en
fait, c'est une simple transposition} 8. c4 {[%emt 0:01:06]} c6 {[%emt 0:01:36]
} 9. Nbd2 {[%emt 0:02:25]} f5 {[%emt 0:00:34]} 10. Ne5 {[%emt 0:01:44]} O-O {
[%emt 0:09:09]} 11. f4 {[%emt 0:06:31]} (11. f3 Nxd2 12. Qxd2 Nf6 13. c5 Bc7
14. b4 Bd7 15. a4 Be8 16. b5 Nd7 17. f4 Nf6 18. Bd3 Ne4 19. Qe2 Bxe5 20. fxe5
Ng5 21. Ba3 Bg6 22. a5 Ne4 23. Bb4 Rab8 24. a6 Qg5 25. Bxe4 dxe4 26. b6 Bh5 27.
Qf2 bxa6 28. Rxa6 Bf3 29. bxa7 Ra8 30. Bd2 Qg4 31. h3 Qg6 32. Kh2 Bh5 33. g4
Bxg4 34. hxg4 Qxg4 35. Qg2 Qh5+ 36. Kg1 g5 37. Kf2 Rf7 38. Rxc6 Raxa7 39. d5 f4
40. exf4 Rxf4+ {Gelfand,B (2685)-Kortschnoj,V (2575) Tilburg 1992 0-1}) 11...
Ndf6 {[%emt 0:04:38]} 12. c5 {[%emt 0:10:58]} Bc7 {[%emt 0:01:50]} 13. b4 {
[%emt 0:00:25][%cal Ga2a4,Gb4b5]} Nxd2 $146 {[%emt 0:00:14]} (13... g5 14. a4
Bd7 15. Nxe4 Nxe4 16. Qc2 Be8 17. Bc3 Rf6 18. Bd3 Rh6 19. Bxe4 dxe4 20. Qf2 Rd8
21. Rab1 a6 22. fxg5 Qxg5 23. Qf4 Qg7 24. Rb2 Rh5 25. Be1 Rd5 26. Bg3 Bxe5 27.
dxe5 Rg5 28. Qf2 Qd7 29. Bf4 Rg7 30. Bh6 Rg4 31. Bf4 Bh5 32. Bg3 Rg7 33. Kh1
Rd1 34. Kg1 Rd3 35. a5 Bd1 36. Kh1 Ba4 37. Kg1 Bb5 38. Re1 Qd5 39. Bf4 Qc4 40.
Bh6 Rg6 41. Bf4 Ba4 42. Qh4 Rd7 43. Qf2 {Petraki,M (2055)-Markovic,G (2230)
Pula 1990 0-1}) 14. Qxd2 {[%emt 0:00:08]} Ne4 {[%emt 0:00:03]} 15. Qc2 {
[%emt 0:00:32]} Bd7 {[%emt 0:00:13][%cal Gd7e8,Ge8g6]} (15... Bxe5 16. dxe5 Bd7
) 16. Bf3 {[%emt 0:01:13]} Be8 {[%emt 0:01:37]} 17. Bxe4 {[%emt 0:02:37]} (17.
a4) 17... fxe4 {[%emt 0:00:05]} 18. g4 $6 {[%emt 0:00:30] Joué quasiment à
tempo mais c'est un affaiblissement de l'aile-roi alors que la structure à
l'aile-dame est favorable aux Blancs} (18. a4 $142 a6 19. Bc3 Bh5 20. b5 axb5
21. axb5 Rxa1 (21... cxb5 22. Qb2) 22. Rxa1) 18... h5 $1 {[%emt 0:07:02]} 19.
g5 {[%emt 0:04:52]} (19. h3 Qh4) 19... Bxe5 {[%emt 0:00:54]} 20. dxe5 {[%emt 0:
00:12]} Qf7 {[%emt 0:00:05][%cal Gf7f5,Gf5g4]} 21. Bd4 {[%emt 0:00:31]} Qf5
$132 {[%emt 0:00:05]} 22. Qf2 {[%emt 0:03:51]} Kh7 {[%emt 0:03:16]} 23. Qg3 {
[%emt 0:03:53]} Kg6 {[%emt 0:02:39]} 24. h4 $2 {[%emt 0:00:06][%csl Rg1] Un
nouveau coup joué à tempo qui va bloquer la Qg3 en défense de l'aile-roi} (
24. a4 {[%cal Ga1b1,Gb4b5]}) (24. Rfb1 a6 25. a4) 24... Bd7 {[%emt 0:00:14]}
25. Rfb1 {[%emt 0:01:27] (=)} Rfb8 $1 {[%emt 0:01:19]} 26. a4 {[%emt 0:00:34]}
b6 {[%emt 0:00:26]} 27. a5 {[%emt 0:01:26]} bxa5 {[%emt 0:00:20]} 28. Rxa5 {
[%emt 0:01:23]} (28. bxa5 Bc8 {[%cal Gc8a6]}) 28... a6 {[%emt 0:00:51]} 29. Bc3
{[%emt 0:02:17]} Bc8 {[%emt 0:00:27][%cal Gc8a6]} 30. Kh2 {[%emt 0:00:21]} Rb5
{[%emt 0:01:12]} 31. Qh3 {[%emt 0:02:52]} Qf7 {[%emt 0:00:06]} 32. Qf1 {
[%emt 0:04:16]} Rab8 {[%emt 0:00:54]} 33. Rxb5 {[%emt 0:01:34]} Rxb5 {[%emt 0:
00:07]} 34. Qe1 {[%emt 0:01:50]} Qf5 {[%emt 0:00:40]} 35. Qg1 {[%emt 0:01:56]}
a5 $1 $36 {[%emt 0:00:12][%csl Rh2,Rh4][%cal Gb5c5,Gb5b1,Gf5g4] Sans surprise,
les faiblesses de l'aile-roi commencent à payer} 36. Qd1 {[%emt 0:02:31]} Ba6
{[%emt 0:02:53]} 37. bxa5 {[%emt 0:02:03]} Rxc5 {[%emt 0:00:06]} 38. Be1 {
[%emt 0:02:09]} Bf1 $40 {[%emt 0:00:10][%cal Gf5h3]} 39. Qd2 {[%emt 0:01:16]}
Qh3+ {[%emt 0:00:06]} 40. Kg1 {[%emt 0:00:00]} Bd3 {[%emt 0:00:00][%csl Gd3]}
41. Rc1 $2 {[%emt 0:04:11]} Rxc1 {[%emt 0:02:13]} 42. Qxc1 {[%emt 0:00:02]}
Qf1+ {[%emt 0:00:06]} 43. Kh2 {[%emt 0:00:07]} Kf5 {[%emt 0:00:04]} 44. Bd2 {
[%emt 0:01:22]} Qf2+ {[%emt 0:00:04]} 0-1

[Event "Moscow Tal Memorial 7th"]
[Site "Moscow"]
[Date "2012.06.13"]
[Round "5"]
[White "Aronian, Levon"]
[Black "Morozevich, Alexander"]
[Result "0-1"]
[WhiteElo "2825"]
[BlackElo "2769"]
[Annotator "Ramirez Alvarez,A"]
[PlyCount "80"]
[EventDate "2012.06.08"]
[EventType "tourn"]
[EventRounds "9"]
[EventCountry "RUS"]
[EventCategory "22"]
[SourceTitle "CBM 149"]
[Source "ChessBase"]
[SourceDate "2012.07.17"]
[SourceVersion "1"]
[SourceVersionDate "2012.07.17"]
[SourceQuality "1"]

1. d4 d5 2. c4 e6 3. Nc3 c6 4. e3 Nd7 5. Nf3 f5 6. Bd3 Nh6 {The Stonewall
setup isn't the most popular nowadays, even with this move order where White
cannot properly develop his bishop on c1 to f4 or trade it off on a3 too
easily. Even so, Moro makes sure that the setup is just bizarre. The knight
almost never goes to h6, and I am assuming he had a couple of good reasons for
doing so. First he allows himself to take with the e-pawn if White captures on
d5, which he couldn't have done since his knight was on d7, and it allows him
to play ...Nf7 and in a rare turn of events for the Stonewall, control e5.} (
6... Ngf6 7. cxd5 cxd5 {is the absolute worst kind of Exchange Slav imaginable.
}) 7. b3 Bd6 8. Bb2 O-O 9. O-O Rf6 {From a purely objective point of view,
White can't complain too much about the result of the opening. He has a nice
position and Black's pieces are placed somewhat strangely. But strange is
Morozevich's favorite battleground.} 10. Qc2 Nf7 11. Nd2 {This move was
careless. Aronian probably underestimated Black's next move.} (11. cxd5 $1 {
was much stronger. The point is that if Black is to recapture with the e-pawn,
he will never have e5 as a resource (and both of his knights are helping with
that aim). If he takes with the c-pawn, then the file is opened and there is
nothing to complain about. White must be slightly better.}) 11... e5 $5 {
White has many replies, but how to decide on the best move in this situation?}
12. Bxf5 (12. cxd5 e4 13. Bc4 Bxh2+ 14. Kxh2 Rh6+ 15. Kg1 Qh4 16. f3 Nf6 {
gives Black a strong attack that is at the very least good enough for a draw.})
(12. g3 $1 {Not a move anyone really wants to make, but it is possible because
d5 lacks sufficient defense. Now that White has essentially parried the
immediate threats on the kingside, he can focus on forcing things on the
center.} e4 13. Be2 {Black can't really defend d5 in a good way so White has
the edge.}) 12... e4 13. Bxh7+ $5 {Sacrifice after sacrifice. Aronian
jettisons the bishop to destroy the pawn center. But a piece is a piece...} (
13. Bh3 Ng5 14. Bg4 Rh6 {gives Black more than enough compensation for his
pawn. He might already be winning.}) (13. Bxd7 Bxd7 14. cxd5 Rh6 {gives Black
strong compensation. White must weaken himself with g3 and those light squares
look very tasty for that d7-bishop.}) 13... Kxh7 14. cxd5 Rg6 $1 15. Ndxe4 Nf6
16. Nxf6+ Qxf6 17. f4 Nh6 {It is unclear why Black played this move, when he
could have developed his light squared bishop. Then again it is unclear why
Morozevich does anything on the chessboard.} 18. Ne4 Qf5 19. dxc6 Be7 {White
has 5 (!) pawns for the piece, but he cannot hold on to all of them. It seems
that with perfect play White's chances might be perferable, but it is
difficult to play against the activity of the black pieces.} 20. c7 Rc6 21. Qb1
(21. Qd3 Rxc7 22. d5 {was better. The d-pawn march reduces Black's scope and
liberates the b2-bishop. White's chances are definitely better here. Black
must sacrifice an exchange to achieve counterplay.} Qg6 $1 23. d6 $5 (23. Ng5+
Bxg5 24. Qxg6+ Kxg6 25. fxg5 Nf7 26. e4 {is a simpler way of playing, with a
slight edge as the pawns are now stronger than the piece.}) 23... Bf5 24. dxc7
Bxe4 25. Qe2 $1 {White does not need to fear Black recovering the exchange -
the light squares are the most important. The position is very difficult to
assess.}) 21... Rxc7 22. Nc3 $2 (22. d5 $1) 22... Qxb1 23. Raxb1 {White may
feel safer with the queens off the board, but this is not the case.
Unfortunately for him the pawns are now a series of static weaknesses and the
pieces will have a blast. It really was imperative to push them as quickly as
possible. Now their forward march will simply accelerate their doom.} Rd7 24.
Rbd1 b6 25. e4 Bb7 {White would love to advance the d pawn and then the d pawn,
but this is not possible because of that check on c5, followed by Ng4, and
White's position collapses.} 26. h3 Ng8 27. e5 (27. d5 Nf6 {locks the pawns in
place. White is close to losing the center.}) 27... Rc8 28. d5 Bb4 29. e6 {
The pawns seem threatening, but the more they advance the weaker they become.}
Rdd8 30. Ne4 (30. Rf3 Ne7 31. Rg3 Nf5 32. Rgd3 Ba6 {is no one's cup of tea,
but it kept the pawns alive a bit longer.}) 30... Rxd5 {The first one falls,
and the rest will follow its fate very soon.} 31. Ng5+ Kg6 32. Rxd5 Bxd5 33.
Rd1 Ne7 34. Bd4 Rc2 {When you are down a piece, specially a bishop, there is
always that enemy piece that suddenly becomes huge and unstoppable. With no
light squared bishop to match it, the monster on d5 cannot be stopped. The
game is over.} 35. g4 Bd2 36. Rf1 (36. f5+ Kxg5 37. Rxd2 Rxd2 38. Be3+ Kh4 39.
Bxd2 Kxh3 40. Bb4 Nc6 41. e7 Bf7 {doesn't help White.}) 36... Bc1 37. Nf3 Bxf4
38. Nh4+ Kg5 39. Nf3+ Kh6 40. h4 Rxa2 {A very unbalanced position throughout.
Aronian resigned as both players reached the time control. Morozevich simply
was on his home turf the entire game.} 0-1

[Event "UKR-ch"]
[Site "Simferopol"]
[Date "1990.??.??"]
[Round "?"]
[White "Kushch, Nikolai"]
[Black "Moskalenko, Viktor"]
[Result "1-0"]
[WhiteElo "2300"]
[BlackElo "2515"]
[Annotator "Ribli,Z"]
[PlyCount "75"]
[EventDate "1990.??.??"]
[EventType "tourn"]
[EventRounds "11"]
[EventCountry "URS"]
[EventCategory "6"]
[SourceTitle "CBM 021"]
[Source "ChessBase"]
[SourceDate "1991.04.01"]
[SourceVersion "1"]
[SourceVersionDate "1991.04.01"]
[SourceQuality "1"]

1. Nf3 e6 2. c4 f5 3. e3 $5 Nf6 4. Be2 d5 5. b3 c6 6. d4 Bd6 (6... Bb4+ 7. Nbd2
Ne4 8. Qc2) 7. O-O Qe7 8. Bb2 O-O 9. Ne5 Nbd7 10. Nd2 a5 11. a3 Ne4 12. Nxe4
fxe4 (12... dxe4 $5) 13. f4 exf3 14. Nxf3 Nf6 15. Bd3 Bd7 16. Qe1 Be8 17. c5
Bc7 18. Qh4 Bg6 19. Bxg6 hxg6 20. Rae1 Rae8 21. Ng5 Nh5 22. e4 Bf4 23. Nf3 Qxh4
24. Nxh4 g5 25. Ng6 Rf6 26. Ne5 Bxe5 27. dxe5 Rxf1+ 28. Rxf1 dxe4 29. g3 Rd8
30. Re1 Rd3 31. b4 axb4 32. axb4 g6 $2 (32... Rb3 $1 33. Bc1 Rxb4 (33... g4 $5)
34. Bxg5 g6 35. Rd1 $146) 33. Rxe4 g4 (33... Rd1+ 34. Kf2 Rd2+ 35. Re2) 34. Bd4
Ng7 35. Rxg4 Nf5 36. Bf2 Kf7 37. b5 cxb5 38. Rb4 1-0

[Event "EU-chT (Men) 15th"]
[Site "Gothenburg"]
[Date "2005.08.05"]
[Round "7.3"]
[White "Ivanisevic, Ivan"]
[Black "Jacimovic, Dragoljub"]
[Result "1-0"]
[WhiteElo "2577"]
[BlackElo "2438"]
[Annotator "Roiz,M"]
[PlyCount "68"]
[EventDate "2005.07.30"]
[EventType "team-swiss"]
[EventRounds "9"]
[EventCountry "SWE"]
[SourceTitle "CBM 109"]
[Source "ChessBase"]
[SourceDate "2005.11.14"]
[SourceVersion "1"]
[SourceVersionDate "2005.11.14"]
[SourceQuality "1"]
[WhiteTeam "Serbia & Montenegro"]
[BlackTeam "Macedonia"]
[WhiteTeamCountry "YUG"]
[BlackTeamCountry "MKD"]

{[%mdl 1536]} 1. d4 e6 2. c4 f5 3. Nc3 Bb4 4. e4 {Ivan Ivanisevic has an
agressive style of play,so he chooses that double-edged sacrifice.} fxe4 5. f3
$6 {That fresh idea can hardly promise white equality!} (5. Qg4 Qe7 6. Bg5 Nf6
7. Bxf6 Qxf6 8. Qxe4 c5 (8... O-O 9. Nf3 Nc6 10. Bd3 g6 11. O-O Bxc3 12. bxc3
d6 13. Rae1 $14 {1-0 Alekhine,A-Hallegua,B/Paris 1914/EXT 2001 (44)}) 9. Nf3
Nc6 10. O-O-O O-O $132 {0-1 Longer,M-Tot,B/Sarajevo 1951/EXT 2002 (45)}) 5...
Nc6 {Black prefers to give the pawn back to complete his development.} (5...
exf3 6. Nxf3 Nf6 7. Bd3 $44) ({I can recommend another principal way:} 5... Nf6
$5 6. fxe4 (6. Bg5) 6... Nxe4 7. Qg4 (7. Qh5+ g6 8. Qe5 Nf6 $17) 7... Nxc3 8.
a3 Ba5 9. Bd2 O-O 10. bxc3 d6 $15 {[%cal Ge6e5] and White has hardly
sufficient attacking possibilities here.}) 6. d5 ({After} 6. a3 Bxc3+ 7. bxc3
d5 $15 {Black is better.}) 6... Ne5 7. f4 {Pushing Black's knight away from
the centre, but leaving the Pe4 alive.} (7. Qd4 d6 8. f4 Nd3+ 9. Bxd3 exd3 10.
Qxd3 (10. Qxg7 Qf6 11. Qxf6 Nxf6 $15) 10... Nf6 $15) 7... Ng6 {It's not the
most active place for the knight.} (7... Nd3+ 8. Bxd3 exd3 9. Qxd3 exd5 10.
cxd5 Nf6 11. Nge2 O-O 12. O-O $132) (7... Nf7 $5 {also deserves attention:} 8.
dxe6 (8. Nge2 exd5 9. cxd5 Nf6 10. a3 Bc5 $36) 8... Bxc3+ 9. bxc3 dxe6 10.
Qxd8+ Nxd8 $15 {with a somewhat better endgame for black.}) 8. Nge2 Nf6 {
Black completes his development without special problems keeping the extra
pawn.} ({But maybe} 8... exd5 $5 {was even better:} 9. cxd5 (9. a3 $2 Bxc3+ 10.
Nxc3 dxc4 11. Bxc4 Nf6 12. Qd4 Ne7 $19) 9... Nf6 10. a3 Bc5 11. b4 Bb6 $17) 9.
a3 Bxc3+ {I am not sure about that exchange.} ({The following alternatives:} 
9... Bd6 $5) ({and} 9... Be7 $5 {were quite reasonable.}) 10. Nxc3 O-O 11. Be2
exd5 {Black can hardly do without that exchange.} ({For instance,} 11... d6 12.
O-O Ne7 $6 13. g4 exd5 14. cxd5 $44) 12. cxd5 d6 13. O-O c6 14. Kh1 Ne7 {
So, Black is trying to find some job for his knight!} (14... cxd5 15. Be3 (15.
Nxd5 $5) 15... Ne7 16. g4 $44) 15. g4 $6 {A very risky play! Which gives up a
second pawn, hoping to develop his initiative on the king-side.} ({Even worse
would be:} 15. dxc6 $2 bxc6 16. b4 d5 $17) ({But I would recommend:} 15. Bc4
$142 cxd5 16. Nxd5 Nexd5 (16... Be6 17. Nxf6+ Rxf6 18. Bxe6+ Rxe6 19. f5 $132 {
[%cal Gc1g5]}) 17. Bxd5+ Kh8 18. Be3 $15 {and White has some compensation here.
}) 15... Nexd5 16. f5 {[%csl Rc8] Restricting the mobility of the Bc8 and
seizing space on the king-side. Of course, the position is in Black's favour
anyway.} Nxc3 {This exchange is by no means not bad, but now Black's central
pawns are less dangerous.} ({I would prefer:} 16... Kh8 $5 17. Nxd5 Nxd5 18.
Qd4 Re8 $17) 17. bxc3 Nd5 $6 {A very strange move which makes Black's life
much more difficult !} ({Why not the natural} 17... d5 18. Be3 b6 $17 {and
Black has a very solid position with 2 extra pawns?!}) 18. Bc4 {Of course! The
pin is quite unpleasant.} Kh8 $2 {As it usually happens, one mistake leads to
the next. Black allows White to double the pawns and to reach the ideal square
d4 for the dark-squared bishop!} ({At the same time,he could still maintain
some advantage after the correct:} 18... Qa5 $142 19. Re1 Kh8 (19... Qxc3 20.
Bxd5+ cxd5 21. Qxd5+ Kh8 22. Be3 $44) 20. Bxd5 (20. Rxe4 Nf6 $1 (20... Nxc3 $2
21. Qe1 d5 22. Re5 Qa4 23. Qxc3 Qxc4 24. Qxc4 dxc4 25. Bb2 $44 {[%cal Ge5e7]})
21. Re3 d5 22. Be2 Bd7 $17 {[%cal Ga8e8]}) 20... Qxd5 21. Qxd5 cxd5 22. Bf4 $15
{although white has an excellent drawish chances here.}) 19. Bxd5 cxd5 {
Now there are bishops of opposite colors on the board, so White has reasonable
attacking possibilities.} 20. Be3 $1 {Of course, White shouldn't take care of
material balance in such positions!} ({Dubious would be:} 20. Qxd5 $2 Bd7 $36 {
[%csl Rh1]}) 20... Bd7 21. Rf4 Rc8 22. Bd4 $44 {[%csl Gd4,Rd7] White has full
compensation for 2 pawns. Black has no clear counterplay, so he should take
care of his kingside. The difference between the Bd4 and the Bd7 is obvious!}
Qg5 23. Qd2 Bb5 {Black doesn't feel the danger of his ''waiting'' strategy!} ({
i can recommend:} 23... e3 $5 {(getting some counterplay at cost of the pawn!)}
24. Qxe3 (24. Bxe3 d4 25. cxd4 Qh4 $132 {[%csl Rh1]}) 24... Rfe8 25. Qg3 Re4
$132) 24. Rb1 ({The immediate} 24. Qe3 $5 {was also possible.}) 24... Ba6 ({Now
} 24... e3 $6 {was pointless,since the Bb5 is hanging,so Black has no time for
activating his pieces:} 25. Qxe3 Rce8 26. Qg3 {[%csl Rb5]} Bc6 27. h4 $36 (27.
f6 $5)) 25. Qe3 Rce8 26. Rb2 ({After} 26. Qg3 e3 27. Bxe3 Re5 $132 {Black
shouldn't be worse here, as the Kh1 is also weak.} (27... d4 $5 28. Bxd4 b6 {
[%cal Ga6b7]})) 26... b6 $6 {Missing a very strong reply!} ({Black should be
more accurate:} 26... Kg8 $142 27. Bxa7 ({after} 27. Rbf2 Bd3 {i don't see how
White can make progress}) ({while} 27. Qg3 e3 28. Bxe3 Re5 $132 {[%cal Gg5e7]
leads to a double-edged play.}) 27... h6 {and white hardly has more than
sufficient compensation for a pawn.}) 27. h4 $1 Qh6 {The queen is misplaced
here, but at least it takes part in defending!} ({Hopeless was:} 27... Qxh4+ $2
28. Rh2 Qg5 29. Rh5 Qd8 30. Qh3 $18) ({or} 27... Qd8 $2 28. f6 gxf6 29. Rbf2
$18) 28. Rbf2 {[%tqu "En","Please,find the best defence.","","","e8e5","",10]}
Re5 $1 {An excellent defensive resource which allows Black to keep the
ballance- it's important to neutralize white's pressure along the diagonal
a1-h8.} ({The alternatives were just hopeless:} 28... Rf7 29. g5 Qh5 30. g6 (
30. f6 g6 $11) 30... hxg6 (30... Rff8 31. f6 $18) 31. fxg6 Rxf4 32. Qxf4 Rg8
33. Qf7 {[%cal Gf7g7]} Qh6 34. Qf5 $1 $18 {[%cal Gd4g7]}) (28... Bc8 29. g5 Qh5
30. f6 gxf6 31. Qg3 $1 Rf7 32. Rxf6 Rxf6 33. gxf6 Qf7 34. Rg2 $18 {[%cal Gg3g7]
}) (28... Kg8 29. g5 Qh5 30. f6 gxf6 31. gxf6 Kf7 32. Rg2 Rg8 33. Rg7+ Rxg7 34.
fxg7+ Ke7 35. Qh3 {[%cal Gd4f6]} Bc8 (35... Bb5 36. Bf6+ Kf7 37. g8=Q+ Rxg8 (
37... Kxg8 38. Qg3+ Kf7 (38... Qg6 39. Rg4 $18) 39. Bd8+ Ke6 40. Rf6+ Kd7 41.
Qxd6+ Kc8 42. Qc7#) 38. Bg5+ Kg7 39. Qf5 Qg6 40. Qxd5 {[%cal Gd5d4]} Rf8 41.
Rxf8 Kxf8 42. Qxb5 $18) (35... Qd1+ 36. Kh2 Bc8 37. Bf6+ Kf7 38. Bg5+ Kg8 (
38... Kxg7 39. Bf6+ Kh6 40. Qg2 $18) 39. Bh6 Qd2+ 40. Qg2 $18) 36. Bf6+ Kf7 37.
Bd8+ Kxg7 38. Qxc8 Qd1+ 39. Kg2 Qe2+ 40. Rf2 $18) 29. g5 Qh5 30. f6 gxf6 $6 {
Opening the g-file compromises Black's king.} (30... g6 {looks much better,
while after} 31. f7 {[%csl Rd6][%cal Gf4f6]} {Black should find the one
correct move} h6 $1 {(securing a nice spot ''h7'' for the king) which leads to
a very complicated position with mutual chances. For instance,} 32. Rf6 (32.
Rg2 Kh7 33. Bxe5 dxe5 34. Rff2 (34. Rf6 Bb7 $132 {[%cal Gd5d4]}) 34... Bc8 $132
(34... Bb7 $5)) 32... Kh7 33. Bxe5 dxe5 34. Qg3 d4 $132 (34... Be2 $5)) 31.
gxf6 {[%cal Ge3g3,Gf2g2]} Rg8 $4 {And that is already a decisive mistake!} ({
Hopeless was also:} 31... Rf7 32. Qg3 $1 {[%cal Gf2g2]} (32. Bxe5 dxe5 33. Rf5
Qxh4+ 34. Rh2 Qg4 35. Rxe5 Qd1+ 36. Qg1 Qf3+ 37. Qg2 Qd1+ $11) 32... Qd1+ (
32... Re8 33. Qg7+ $3 Rxg7 34. fxg7+ Kg8 35. Rf8+ Rxf8 36. Rxf8#) 33. Kh2 Qd3
34. Qg4 $18) ({But black had a brilliant defensive resource:} 31... Bc8 $1 {
[%cal Yc8h3]} 32. Rg2 Qd1+ {and Black prevents White from doubling along the
g-file:} 33. Rg1 (33. Kh2 $6 Qd3 34. Qxd3 exd3 35. f7 h6 36. Rf6 Kh7 37. Bxe5
dxe5 38. h5 e4 39. Rgg6 d2 40. Rxh6+ Kg7 41. Rhg6+ $11) 33... Qd3 34. Qxd3 exd3
35. f7 h5 $1 {and the Pd3 forces White to play accurately:} 36. Rf3 d2 (36...
Bg4 37. Rxd3 Rxf7 38. Kh2 $14) 37. Rf2 Bg4 38. Rxd2 Rxf7 39. Kh2 $1 Rfe7 40.
Re1 Kg7 41. Bxe5+ dxe5 42. Rxd5 Kf6 $14 {In this endgame Black has good
chances to draw.}) 32. f7 Rf8 33. Qg3 $18 {[%cal Gf2g2] The threat of 34.Rg2
is unavoidable.} e3 34. Rg2 Qg6 ({Black resigns in view of:} 34... Qg6 35. Rg4
$18) 1-0